000 00747nam a22002651i 4500
001 8454
010 _a9724118002
021 _aPT
_b103645/96
090 _a8454
100 _a20170304u u u0frey50 ba
101 _apor
102 _aPT
200 1 _fJoëlle Barnabé
_aOs coelhinhos... descobrem o campo
_gAdapt. Joëlle Barnabé
_gil. Sylvie Rainaud
205 _a1ª ed.
210 _aRio Tinto
_cEdições Asa
_d1996
215 _cil.
_d23 cm
_a[18] p.
225 _aOs coelhinhos descobrem
606 _9187
_aHistórias para crianças
675 _a087.5
_92104
702 _4010
_93269
_aBarnabé
_bJoëlle
702 _4440
_93270
_aRainaud
_bSylvie
702 _4730
_93272
_aTelles
_bAlice
801 _aPT
_gRPC
990 _cLIVROS
994 _aCOMP